000 00447nam a22001697a 4500
003 OSt
005 20180116183102.0
008 170306b xxu||||| |||| 00| 0 eng d
040 _c0
082 _a658.562 SIN 1997
100 _aS.K Singh
245 _aISO 9000 ( Total Quality Management
_cS.K Singh
260 _aNew Delhi
_bCommon Welth
_c1997
300 _a258 p.
_bHB
440 _aISO 9000 ( Total Quality Management
942 _2ddc
_cBK
999 _c351961
_d351961